| 000 | 00406nam a2200169Ia 4500 | ||
|---|---|---|---|
| 999 |
_c10385 _d10385 |
||
| 003 | OSt | ||
| 005 | 20220315154544.0 | ||
| 008 | 220308s9999 xx 000 0 und d | ||
| 020 | _a9783037786376 | ||
| 082 |
_a720.92 _bMAT |
||
| 100 | _a Mette Marie Kallehauge | ||
| 245 | 0 | _aAnupama Kundo | |
| 260 | _b Lars Muller Publishers (8 October 2020) | ||
| 365 | _cGBP | ||
| 365 | _d45 | ||
| 942 | _2ddc | ||